000
00322nam a22001457a 4500
020
_a
81-7690-018-4
082
_a
894.812.6
_b
PRE/N
100
_a
PREMNATH, VETTIYAR
245
_a
NADAN PATTUKAL
260
_a
THRISSUR
_b
KERALA SAHITHYA ACADEMY
_c
2000
300
_a
95
520
_a
POETRY
650
_a
POETRY
942
_c
BK
999
_c
4141
_d
4141